000 00965nam a22002057a 4500
003 OSt
005 20241127203440.0
008 241127b |||||||| |||| 00| 0 eng d
040 _cCentral University Library
245 _aThe All England Law Reports 1960 Vol. 1
_cEditors: Harold Christie, Q.C.; Cyril King, Q.C.; and J. T. Edgerley
260 _aLondon, United Kingdom
_bButterworth & Co. (Publishers) Ltd.
_c1960
300 _axxxi, 816 pages
_c23.5 cm
490 _3Law Reports
500 _aTHE ALL ENGLAND LAW REPORTS INCORPORATING THE LAW TIMES REPORTS AND LAW JOURNAL REPORTS - 1960 VOLUME 1.
600 _2Law Reports
_xEngland
700 _aHarold Christie, Q.C. (Bencher of Lincoln's Inn)
_eConsulting Editor for Chancery Cases
700 _aCyril King, Q.C. (Bencher of Middle Temple)
_eConsulting Editor for Taxation Cases
700 _aJ. T. Edgerley, (of the Inner Temple and Lincoln's Inn, Barristers-at-Law)
_eGeneral Editor
942 _2lcc
_cBK
_n0
999 _c1672
_d1672